| 000 | 01153nam a22003017a 4500 | ||
|---|---|---|---|
| 001 | 7418 | ||
| 003 | FISKH | ||
| 005 | 20250714143055.0 | ||
| 008 | 250714b cb ||||| |||| 00| 0 eng d | ||
| 020 | _a9781593695828 | ||
| 040 |
_aFISKH _beng _cFISKH _dFISKH |
||
| 050 | _aPZ7.G834 C | ||
| 082 | _a813.5 | ||
| 100 | _aGreene, Jacqueline Dembar | ||
| 245 |
_aCandlelight for Rebecca / _cBy Jacqueline Dembar Greene : Illustrated by Robert Hunt and Vignettes Susan McAliley |
||
| 260 |
_aCalifornia : _bAmerican Girl Publishing, Inc., _c2009. |
||
| 300 |
_a85 pages : _bcolor illustrations ; _c22 cm . |
||
| 490 | _aAmerican Girls | ||
| 505 | _aR | ||
| 520 | _aWhile Rebecca Rubin helps her building's ailing superintendent take care of his homing pigeons, she puzzles over what to do with the Christmas centerpiece her teacher insisted she make but which has no place in her Jewish home. | ||
| 521 | 8 |
_a770
_bLexile |
|
| 521 | 8 |
_aR
_bRaz-Plus |
|
| 650 |
_aImmigrants _vJuvenile fiction |
||
| 700 |
_aHunt , Robert _eIllustrator |
||
| 700 |
_aMcAliley , Vignettes Susan _eIllustrator |
||
| 942 |
_2ddc _cBK _n0 |
||
| 999 |
_c7418 _d7418 |
||